000 00507nam a2200217Ia 4500
003 OSt
005 20220928142751.0
006 a|||||r|||| 00| 0
007 ta
008 220927b |||||||| |||| 00| 0 eng d
024 _a20080
037 _cTextual
040 _aSDCL
_cSDCL
_beng
041 _2eng
_aeng
082 _aB48, M4
100 _aYosida K
_9503864
245 0 _aOperational calculus.
260 _c1984
942 _hB48, M4
_cTEXL
_2CC
999 _c822218
_d822218